Sports Quiz

Random Sports or NFL Quiz

NFL Top 100 Rushers (2015) Quiz Stats

 Plays Quiz Updated Nov 21, 2016

Score 0/100 Timer 09:00
1 Play Today
Team Player % Correct
MINAdrian Peterson
97.5%
TBDoug Martin
88.5%
STLTodd Gurley
87.6%
PHIDeMarco Murray
86.1%
OAKLatavius Murray
85.9%
PITDeAngelo Williams
83.7%
CHIMatt Forte
83.2%
ARIChris Johnson
83.2%
SEAMarshawn Lynch
83.2%
ARIDavid Johnson
83.1%
BUFKarlos Williams
83.1%
NYGAndre Williams
82.9%
CLEDuke Johnson
82.8%
PITLe'Veon Bell
80.8%
CARJonathan Stewart
80.5%
DETJoique Bell
79.9%
INDFrank Gore
78.8%
DALDarren McFadden
78.7%
BUFLeSean McCoy
78.4%
ATLDevonta Freeman
77.1%
NYJChris Ivory
76.1%
GBEddie Lacy
75.4%
DENC.J. Anderson
74.7%
CINJeremy Hill
72.2%
CARCam Newton
70.1%
MIALamar Miller
70%
WASAlfred Morris
68.6%
KCJamaal Charles
65.9%
NOMark Ingram
65.6%
NELeGarrette Blount
65.3%
HOUArian Foster
64.3%
CINGiovani Bernard
64%
SEARussell Wilson
61.9%
KCAlex Smith
61.6%
Team Player % Correct
WASMatt Jones
61.3%
SEAThomas Rawls
59.6%
GBJames Starks
56.6%
DENRonnie Hillman
55.9%
BALJustin Forsett
54.6%
NYGRashad Jennings
53.9%
JACT.J. Yeldon
53.2%
KCCharcandrick West
52.7%
SDMelvin Gordon
52.6%
BAL/TENTerrance West
52.5%
HOUAlfred Blue
51.6%
PHIRyan Mathews
51.3%
GBAaron Rodgers
50.2%
BUFTyrod Taylor
49.8%
PHIDarren Sproles
49.7%
TENMarcus Mariota
48.5%
SDDanny Woodhead
45.6%
CLEIsaiah Crowell
44.6%
SFColin Kaepernick
43.2%
SFCarlos Hyde
43%
DETAmeer Abdullah
42%
TBJameis Winston
41.9%
NEDion Lewis
41.3%
CHIJeremy Langford
41%
JACDenard Robinson
39.4%
NOKhiry Robinson
39.3%
SDDonald Brown
37.1%
ATLTevin Coleman
35.5%
KCSpencer Ware
34.7%
NYJBilal Powell
34.4%
JACBlake Bortles
33.2%
CARMike Tolbert
32.3%
CHIJay Cutler
31.4%
MINTeddy Bridgewater
30.9%
Team Player % Correct
DAL/SEAChristine Michael
30.6%
INDAndrew Luck
29.4%
TBCharles Sims
28.7%
ARIAndre Ellington
28.6%
DALJoseph Randle
27.9%
NYGShane Vereen
27.5%
NYJRyan Fitzpatrick
27.2%
BALJavorius Allen
27%
STLTre Mason
26%
MINJerick McKinnon
25.9%
CLEJohnny Manziel
25.7%
TENBishop Sankey
24.9%
NOTim Hightower
24.4%
DETMatthew Stafford
23.9%
STLTavon Austin
23.5%
TENAntonio Andrews
23.3%
SFBlaine Gabbert
21.6%
MIAJay Ajayi
21.2%
WASChris Thompson
17.5%
TENDavid Cobb
16.2%
CARCameron Artis-Payne
15.4%
MIA/JACJonas Gray
14.8%
CLE/DALRobert Turbin
14.8%
SFShaun Draughn
14.5%
HOUChris Polk
13.8%
NEBrandon Bolden
13.1%
NYGOrleans Darkwa
12.4%
CHIKa'Deem Carey
11.8%
HOUJonathan Grimes
11.7%
BUFMike Gillislee
10.9%
TENDexter McCluster
10.8%
SEA/SFDuJuan Harris
10%

You're not logged in!

Compare scores with friends on all Sporcle quizzes.
OR
Log In

Sporcle TV

Today on Sporcle TV


Watch our educational content, quiz creation guides, and fun videos on Sporcle TV.

Show Comments

Extras

Top Quizzes Today


Score Distribution

Your Account Isn't Verified!

In order to create a playlist on Sporcle, you need to verify the email address you used during registration. Go to your Sporcle Settings to finish the process.

Report this User

Report this user for behavior that violates our Community Guidelines.

Details: